| 000 | 02062cam a2200325 a 4500 | ||
|---|---|---|---|
| 001 | 17599636 | ||
| 005 | 20170105102853.0 | ||
| 008 | 130123s2013 enk b 001 0 eng d | ||
| 010 | _a 2012538149 | ||
| 016 | 7 |
_a016019677 _2Uk |
|
| 020 | _a9780415699112 (hbk. : alk. paper) | ||
| 020 | _a0415699118 (hbk. : alk. paper) | ||
| 035 | _a(OCoLC)ocn758394594 | ||
| 040 |
_aBTCTA _beng _cBTCTA _dUKMGB _dYDXCP _dBWK _dYNK _dCDX _dVVC _dOCLCO _dDLC |
||
| 042 | _alccopycat | ||
| 050 | 0 | 0 |
_aK644 _b.W6417 2013 |
| 082 | _a341.4858 | ||
| 245 | 0 | 0 |
_aWomen and transitional justice : _bthe experience of women as participants / _cedited by Lisa Yarwood. |
| 260 |
_aAbingdon, Oxon ; _aNew York : _bRoutledge, _c2013. |
||
| 300 |
_axiv, 216 p. ; _c24 cm. |
||
| 504 | _aIncludes bibliographical references (p. [204]-208) and index. | ||
| 505 | 0 | _aWomen, transitional justice and indigenous conflict: the role of women in addressing New Zealand's colonial past / Lisa Yarwood -- Women, peace and security: mainstreaming gender in transitional justice processes / Amy Barlow -- International criminal justice and the girl child: difference needs, equal opportunities / Annelotte Walsh -- Lessons from the field: the inclusion of refugee women in transitional justice initiatives / Sarah Maddox -- The adjudication of sex crimes under international criminal law: what does gender have to do with it? / Caroline Fournet -- Denial, impunity and transitional justice: the fate of female rape victims in Bosnia and Herzegovina / Clotilde Pégorier -- A tool for reconciling gender and customary law / Lauren Fielder -- Reparations in Colombia: advancing the women's rights agenda / Catalina Diaz with Iris Marin -- The Peruvian case: gender and transitional justice / Julissa Mantilla Falcón. | |
| 650 | 0 |
_aWomen _xLegal status, laws, etc. |
|
| 650 | 0 | _aWomen's rights. | |
| 650 | 0 |
_aWomen _xCrimes against. |
|
| 700 | 1 | _aYarwood, Lisa. | |
| 906 |
_a7 _bcbc _ccopycat _d2 _encip _f20 _gy-gencatlg |
||
| 942 |
_2ddc _cBK |
||
| 999 |
_c14347 _d14347 |
||